New headway: Elementary: Teacher's resource book
Đưa ra các gợi ý và hướng dẫn tổ chức các hoạt động theo từng gia đoạn. Sách dành cho giáo viên.
Đã lưu trong:
| Tác giả chính: | |
|---|---|
| Định dạng: | Sách |
| Năm xuất bản: |
Anh
Oxford University
2000
|
| Chủ đề: | |
| Tags: |
Thêm thẻ
Không có thẻ, Hãy là người đầu tiên gắn thẻ bản ghi này!
|
| LEADER | 00719nam a2200169 4500 | ||
|---|---|---|---|
| 999 | |c 4519 |d 4519 | ||
| 082 | |a 420.71 |b C100S | ||
| 100 | |a Castle, Matt | ||
| 245 | |a New headway: Elementary: Teacher's resource book |c Liz Soars, John Soars, Matt Castle | ||
| 260 | |a Anh |b Oxford University |c 2000 | ||
| 300 | |a 79 tr. |c 28 cm | ||
| 520 | |a Đưa ra các gợi ý và hướng dẫn tổ chức các hoạt động theo từng gia đoạn. Sách dành cho giáo viên. | ||
| 653 | |a Ngôn ngữ | ||
| 653 | |a Tiếng Anh | ||
| 653 | |a Sách sinh viên | ||
| 942 | |2 ddc |c SH | ||
| 952 | |0 0 |1 0 |2 ddc |4 0 |6 420_071000000000000_C100S |7 0 |8 400 |9 44000 |a qbu |b qbu |c D4 |d 2014-12-19 |g 14000 |o 420.071 C100S |p 2727.c1 |w 2014-12-19 |y SH |0 0 |6 420_071000000000000_C100S | ||